Derecho público eclesiástico

I tiakina i:
Ngā taipitopito rārangi puna kōrero
Kaituhi matua: Fernández Concha, Rafael (Author)
Hōputu: Pukapuka
Reo:Pāniora
I whakaputaina: Santiago Del Correo 1872
Ngā marau:
Ngā Tūtohu: Tāpirihia he Tūtohu
Kāore He Tūtohu, Me noho koe te mea tuatahi ki te tūtohu i tēnei pūkete!

MARC

LEADER 00000nam a2200000 a 4500
001 UCS9181
003 CL-VaPUC
008 971113e18720100CL |||||||||||||||||spa|d
082 0 4 |a 262.9  |b FER  |2 21 
100 0 |a Fernández Concha, Rafael  |e author  |9 394189 
245 1 0 |a Derecho público eclesiástico 
300 |a v 
942 |c BK 
945 |d 19971113 00:00:00  |a cmena 
260 |a Santiago  |b Del Correo  |c 1872 
650 7 |a DERECHO CANONICO  |2 CL-VaPUC  |9 394190 
650 0 |a Derecho civil  |9 255013 
650 0 |a Derecho eclesiástico  |9 255055 
650 0 |a Derecho público   |9 255910 
650 7 |a IGLESIA LEGISLACION  |2 CL-VaPUC  |9 394191 
650 0 |a Cristianismo  |9 257361 
650 0 |a Jurisprudencia  |9 255952 
583 |a last modification  |c 19971113 00:00:00  |k Rodrigo Vera 
999 |c 263176  |d 263174 
952 |0 0  |1 0  |4 0  |6 262_900000000000000_FER_1872  |7 0  |8 DER_HDC  |9 292293  |a BIBDER  |b BIBDER  |d 2019-11-19  |h v.1  |i 1900536  |o 262.9 FER 1872  |p 1900536  |r 2023-01-25  |w 2019-11-19  |x Ubicación 4to Piso  |y BK_X  |z Estos recursos deben solicitarse con anticipación  |k DER 
952 |0 0  |1 0  |4 0  |6 262_900000000000000_FER_1872  |7 0  |8 DER_HDC  |9 292294  |a BIBDER  |b BIBDER  |d 2019-11-19  |h v.2  |i 1951459  |o 262.9 FER 1872  |p 1951459  |r 2023-01-25  |w 2019-11-19  |x Ubicación 4to Piso  |y BK_X  |z Estos recursos deben solicitarse con anticipación  |k DER